000 00713cab a2200205 4500
001 WB2903-07
008 090401t1993 xxu||||| |||| 00| 0 eng d
035 _a(Sirsi) u31583
041 _aeng
245 _aLegionella
260 _c1993
350 _a0
490 _aEstates Gazette
_v(9302) 16 January 1993, 124(1)
520 _aA new British Standard has been published, BS 7592 "Methods for sampling for legionella organisms in water and related materials", whch specifies methods for hospital, domestic, commercial and industrial buildings.
650 _aBRITISH STANDARDS
650 _aLEGIONNAIRES' DISEASE
690 _aBUILDING AND CONSTRUCTION-REGULATIONS
942 _n0
948 _c04/03/1997
999 _c21202
_d21202